[Event "Elit(Sollentuna-Manhem)"]
[Site "?"]
[Date "2006.10.20"]
[Round "1"]
[White "Akesson, Joel"]
[Black "Berg, Emanuel"]
[Result "0-1"]
[WhiteElo "2366"]
[BlackElo "2667"]
[PlyCount "73"]
[EventDate "2006.11.03"]
[SourceDate "2006.11.03"]

1. d4 e6 2. c4 Nf6 3. Nf3 b6 4. a3 Ba6 5. Qc2 Bb7 6. Nc3 c5 7. dxc5 Bxc5 8. Bf4
O-O 9. Rd1 Nc6 10. e3 Be7 11. Be2 Rc8 12. O-O Nh5 13. Bd6 Bxd6 14. Rxd6 Qe7 15.
Rfd1 Rfd8 16. b4 Nf6 17. Qb2 Nb8 18. R6d4 Nc6 19. Rd6 Ne8 20. R6d2 d6 21. Nb5
Rd7 22. Nbd4 Nb8 23. Nb5 Rcd8 24. Qd4 Nf6 25. Nc3 Nc6 26. Qh4 h6 27. Qg3 Kf8
28. h3 g6 29. Nd4 Nxd4 30. Rxd4 Kg7 31. Bf3 e5 32. R4d2 Bxf3 33. Qxf3 Rc8 34.
Qe2 a6 35. Nd5 Nxd5 36. cxd5 b5 37. a4 0-1

[Event "Elit(Sollentuna-Manhem)"]
[Site "?"]
[Date "2006.10.20"]
[Round "1"]
[White "Carlsson, Pontus"]
[Black "Nithander, Victor"]
[Result "1-0"]
[WhiteElo "2659"]
[BlackElo "2401"]
[PlyCount "87"]
[EventDate "2006.??.??"]

1. e4 g6 2. d4 Bg7 3. Nc3 d6 4. f4 a6 5. Nf3 b5 6. Bd3 Nd7 7. e5 c5 8. Be4 Rb8
9. O-O cxd4 10. Nxd4 dxe5 11. Nc6 Qb6+ 12. Kh1 b4 13. Na4 Qc7 14. Nxb8 Qxb8 15.
Bc6 Ngf6 16. fxe5 Qxe5 17. Bf4 Qa5 18. Re1 O-O 19. Rxe7 Nh5 20. Bd6 Nb6 21. Bc7
Qg5 22. Nxb6 Qxe7 23. Bd6 Qh4 24. Qe1 Qd8 25. Bxf8 Qxf8 26. Nxc8 Qxc8 27. Rd1
Bf6 28. Bf3 Qxc2 29. Qxb4 Qf5 30. Qg4 Qb5 31. b3 Kg7 32. Qc4 Qa5 33. a4 Bb2 34.
Qd5 Qxd5 35. Rxd5 Nf4 36. Ra5 Nd3 37. Rxa6 Bd4 38. g3 Nc5 39. Rd6 Nxb3 40. Bd5
Be5 41. Rd7 Na5 42. Rxf7+ Kh8 43. Kg2 Bc3 44. Kf3 1-0

[Event "Elit(Sollentuna-Manhem)"]
[Site "?"]
[Date "2006.10.20"]
[Round "1"]
[White "Schneider, Lars-Ake"]
[Black "Agrest, Evgenij"]
[Result "1/2-1/2"]
[WhiteElo "2338"]
[BlackElo "2649"]
[PlyCount "105"]
[EventDate "2006.??.??"]

1. e4 c5 2. Nf3 d6 3. d4 cxd4 4. Nxd4 Nf6 5. Nc3 a6 6. f4 Nbd7 7. Nf3 e6 8. Bd3
b5 9. e5 b4 10. Ne4 Nxe4 11. Bxe4 d5 12. Bd3 Qb6 13. Qe2 Bc5 14. Bd2 a5 15. Ng5
Ba6 16. Bxa6 Qxa6 17. Be3 Qxe2+ 18. Kxe2 Bxe3 19. Kxe3 Ke7 20. a3 Rhc8 21. Rhc1
Rab8 22. axb4 Rxb4 23. b3 h6 24. Nf3 Re4+ 25. Kd2 Rxf4 26. Rxa5 g5 27. Ra7 Ke8
28. h3 Nc5 29. Rca1 Ne4+ 30. Kc1 h5 31. Ra8 Rxa8 32. Rxa8+ Ke7 33. Ra7+ Kf8 34.
Ra4 Rf5 35. b4 g4 36. hxg4 hxg4 37. Nd4 Rf2 38. b5 Rxg2 39. b6 Rg1+ 40. Kb2 Nc5
41. Ra5 Nb7 42. Ra8+ Kg7 43. Ra7 g3 44. Ne2 Re1 45. Nxg3 Nc5 46. Nh5+ Kh6 47.
Nf6 Kg6 48. Nd7 Nxd7 49. Rxd7 Re4 50. Kb3 Re1 51. Kb2 Re4 52. Kb3 Re1 53. Kb2
1/2-1/2

[Event "Elit(Sollentuna-Manhem)"]
[Site "?"]
[Date "2006.10.20"]
[Round "1"]
[White "Lindberg, Bo"]
[Black "Moberg, Karl Johan"]
[Result "1-0"]
[WhiteElo "2519"]
[BlackElo "2325"]
[PlyCount "97"]
[EventDate "2006.??.??"]

1. d4 Nf6 2. Bg5 d5 3. e3 c5 4. Bxf6 exf6 5. dxc5 Bxc5 6. Nc3 Be6 7. Bb5+ Nc6
8. Nge2 O-O 9. O-O a6 10. Ba4 b5 11. Bb3 d4 12. Ne4 Bb6 13. exd4 Nxd4 14. Nxd4
Qxd4 15. Qxd4 Bxd4 16. c3 Bb6 17. Bxe6 fxe6 18. a4 b4 19. cxb4 Bd4 20. Nc5 e5
21. Rac1 Bxb2 22. Rb1 Bd4 23. Ne6 Rfc8 24. Rfc1 Kf7 25. Nxd4 exd4 26. Kf1 Ke6
27. Ke2 Kd5 28. Kd3 Rab8 29. Rxc8 Rxc8 30. b5 axb5 31. Rxb5+ Ke6 32. a5 Rc3+
33. Kxd4 Rc2 34. a6 Ra2 35. Rb6+ Kf5 36. Kc4 Rxf2 37. Rb5+ Kg4 38. Ra5 Rc2+ 39.
Kb5 Rc8 40. a7 Ra8 41. Ra4+ Kf5 42. Kb6 Ke5 43. Kb7 Rxa7+ 44. Kxa7 f5 45. Kb6
g5 46. Kc5 f4 47. Ra7 h5 48. Re7+ Kf5 49. Kd4 1-0

[Event "Elit(Sollentuna-Manhem)"]
[Site "?"]
[Date "2006.10.20"]
[Round "1"]
[White "Andersson, Bjorn"]
[Black "Ernst, Thomas"]
[Result "0-1"]
[WhiteElo "2330"]
[BlackElo "2508"]
[PlyCount "66"]
[EventDate "2006.??.??"]

1. e4 c5 2. c3 Nf6 3. e5 Nd5 4. d4 cxd4 5. Nf3 Nc6 6. cxd4 d6 7. Bc4 Nb6 8. Bb5
dxe5 9. Nxe5 Bd7 10. Nxd7 Qxd7 11. Nc3 a6 12. Bxc6 bxc6 13. O-O g6 14. Bf4 Bg7
15. Qb3 Nd5 16. Be5 O-O 17. Rfe1 Rfd8 18. Rad1 e6 19. Ne4 Qe7 20. Nc5 Bxe5 21.
Rxe5 a5 22. Qg3 Nf6 23. Qc3 Nd5 24. Qe1 Rab8 25. b3 Rb4 26. a3 Rb5 27. g3 Nf6
28. Rc1 Rxd4 29. a4 Rbb4 30. Nxe6 Re4 31. Rxe4 Rxe4 32. Qxa5 Rxe6 33. Qc3 Ne4
0-1

[Event "Elit(Sollentuna-Manhem)"]
[Site "?"]
[Date "2006.10.20"]
[Round "1"]
[White "Dzevlan, Miralem"]
[Black "Kinnmark, Ove"]
[Result "1-0"]
[WhiteElo "2453"]
[BlackElo "2283"]
[PlyCount "107"]
[EventDate "2006.??.??"]

1. d4 Nf6 2. c4 e6 3. Nf3 Bb4+ 4. Nbd2 O-O 5. a3 Bxd2+ 6. Bxd2 d6 7. Bg5 Qe7 8.
e3 e5 9. Be2 Re8 10. O-O Nbd7 11. d5 h6 12. Bh4 Nf8 13. Nd2 Ng6 14. Bg3 a5 15.
b4 Bf5 16. f3 h5 17. Nb3 b6 18. bxa5 bxa5 19. Be1 a4 20. Na5 Bd7 21. Rc1 Nh7
22. c5 Qg5 23. Nc4 dxc5 24. Kh1 Nhf8 25. Bf2 Bb5 26. Nd2 Bxe2 27. Qxe2 Nd7 28.
Ne4 Qe7 29. Qc2 Nb6 30. Qxc5 Qxc5 31. Rxc5 Red8 32. Nc3 Rd7 33. e4 Rb8 34. Rb1
Ne7 35. Nxa4 Ra8 36. Nxb6 cxb6 37. Rc3 Nc8 38. g3 Rda7 39. Rbb3 g6 40. Kg2 Kg7
41. h3 Kf8 42. g4 hxg4 43. hxg4 g5 44. Be3 f6 45. Bxb6 Nxb6 46. Rxb6 Kg7 47.
Rcc6 Rf8 48. Ra6 Rb7 49. Kg3 Rb2 50. Ra7+ Rf7 51. Rcc7 Rxc7 52. Rxc7+ Kf8 53.
a4 Ra2 54. Ra7 1-0

[Event "Elit(Sollentuna-Manhem)"]
[Site "?"]
[Date "2006.10.20"]
[Round "1"]
[White "Welin, Mats"]
[Black "Couso, Luis"]
[Result "0-1"]
[WhiteElo "2276"]
[BlackElo "2354"]
[PlyCount "142"]
[EventDate "2006.??.??"]

1. e4 c5 2. Nf3 e6 3. d4 cxd4 4. Nxd4 a6 5. Bd3 Bc5 6. Nb3 Ba7 7. Qe2 Nc6 8.
Be3 d6 9. Nc3 Nge7 10. Bxa7 Rxa7 11. O-O e5 12. Rad1 b5 13. a4 b4 14. Nb1 O-O
15. N1d2 a5 16. Bb5 Be6 17. Nc4 Qb8 18. Rd2 Bxc4 19. Bxc4 Qc7 20. Rfd1 Nc8 21.
Rd3 N6e7 22. Nd2 Ng6 23. Qg4 Nf4 24. Rg3 g6 25. c3 Nb6 26. Bb5 d5 27. Qh4 Nc4
28. Nxc4 Ne2+ 29. Kf1 Nxg3+ 30. hxg3 dxc4 31. Qf6 bxc3 32. bxc3 Qe7 33. Qxe7
Rxe7 34. Rd6 Rc7 35. g4 Ra8 36. g5 h6 37. gxh6 Kh7 38. Rd5 f6 39. Rd6 Kxh6 40.
Rxf6 Rd8 41. Ke2 Rd3 42. Rf3 Rxf3 43. Kxf3 g5 44. Kg4 Kg6 45. f3 Kf6 46. g3 Rh7
47. Bxc4 Rc7 48. Bb5 Rxc3 49. Be2 Rc1 50. Bb5 Rg1 51. Be2 Ke6 52. Bc4+ Kd6 53.
Bb5 Kc5 54. Be8 Kd4 55. Bf7 Ke3 56. Bh5 Rg2 57. Kf5 Kd4 58. Kg4 Ra2 59. Be8 Rg2
60. Bf7 Rg1 61. Be8 Ke3 62. Bh5 Kf2 63. Kxg5 Rxg3+ 64. Kf5 Ke3 65. Bg4 Kd4 66.
f4 exf4 67. Kxf4 Re3 68. Bf3 Ra3 69. Bd1 Ra1 70. Bf3 Rxa4 71. e5 Ra3 0-1

[Event "Elit(Sollentuna-Manhem)"]
[Site "?"]
[Date "2006.10.20"]
[Round "1"]
[White "Ong, Kezli"]
[Black "Vas, Peter"]
[Result "0-1"]
[WhiteElo "2408"]
[BlackElo "2211"]
[PlyCount "138"]
[EventDate "2006.??.??"]

1. e4 e5 2. Nf3 Nf6 3. Nxe5 d6 4. Nf3 Nxe4 5. d4 d5 6. Bd3 Be7 7. O-O Nc6 8. c4
Nf6 9. h3 Nb4 10. Be2 dxc4 11. Bxc4 O-O 12. Nc3 c6 13. Ne5 Nbd5 14. Qb3 h6 15.
Rd1 Qd6 16. a4 Rd8 17. Bf4 Qb4 18. Nxd5 cxd5 19. Qxb4 Bxb4 20. Bb3 Bf5 21. g4
Be6 22. Nd3 Bf8 23. Rac1 b6 24. Bc7 Rdc8 25. Nf4 Ne8 26. Bxd5 Nxc7 27. Rxc7
Rxc7 28. Bxa8 Bb3 29. Rd3 Bxa4 30. d5 Bd6 31. Ne2 Bb5 32. Rd2 Kf8 33. Nc3 Bd7
34. Kg2 Bb4 35. Rd3 Bxc3 36. bxc3 Bb5 37. Re3 Rc8 38. Bb7 Rb8 39. Bc6 Bxc6 40.
dxc6 Rc8 41. f4 Rxc6 42. f5 Rc7 43. Kf2 Re7 44. Rf3 f6 45. Rd3 Ke8 46. c4 Rd7
47. Ra3 Ke7 48. Ke3 Kd8 49. Kf3 a5 50. c5 bxc5 51. Rxa5 Rc7 52. Ke3 Kd7 53. Kd3
Kd6 54. Kc4 Ke5 55. Ra3 Kf4 56. Rd3 h5 57. gxh5 Kxf5 58. Rg3 Ke4 59. Rg4+ Kf3
60. Rg6 f5 61. h6 gxh6 62. Rxh6 f4 63. h4 Rf7 64. Kxc5 Kg4 65. Kd4 f3 66. Rg6+
Kxh4 67. Ke3 f2 68. Rh6+ Kg5 69. Rh1 f1=Q 0-1

[Event "Elit(Eksjo-Rockaden, Sthlm)"]
[Site "?"]
[Date "2006.10.20"]
[Round "1"]
[White "Karlsson, Lars"]
[Black "Gdanski, Jacek"]
[Result "1/2-1/2"]
[WhiteElo "2531"]
[BlackElo "2584"]
[PlyCount "48"]
[EventDate "2006.??.??"]
[SourceDate "2006.11.04"]

1. c4 c5 2. g3 g6 3. Bg2 Bg7 4. Nc3 Nc6 5. e3 e5 6. a3 Nge7 7. b4 d6 8. Rb1 O-O
9. Nge2 Rb8 10. d3 Be6 11. bxc5 dxc5 12. O-O b6 13. e4 Qd7 14. Nd5 Rbd8 15. Bd2
f5 16. a4 Rf7 17. a5 bxa5 18. Rb5 fxe4 19. dxe4 Nc8 20. Be3 Nd6 21. Rxc5 Nb7
22. Rb5 Nd6 23. Rc5 Nb7 24. Rb5 Nd6 1/2-1/2

[Event "Elit(Eksjo-Rockaden, Sthlm)"]
[Site "?"]
[Date "2006.10.20"]
[Round "1"]
[White "Vernersson, Per"]
[Black "Barkhagen, Jonas"]
[Result "0-1"]
[WhiteElo "2496"]
[BlackElo "2563"]
[PlyCount "72"]
[EventDate "2006.??.??"]

1. d4 Nf6 2. c4 e6 3. g3 d5 4. Nf3 dxc4 5. Qa4+ Nbd7 6. Bg2 a6 7. Nc3 c5 8.
dxc5 Bxc5 9. Qxc4 b5 10. Qd3 Bb7 11. O-O O-O 12. Bg5 Qb6 13. Bxf6 Nxf6 14. e3
Rfd8 15. Qe2 Bb4 16. Rac1 Rac8 17. Nb1 Bd5 18. a3 Be7 19. Nfd2 Qb7 20. Bxd5
Nxd5 21. Ne4 Nb6 22. Qf3 Qd5 23. Rfd1 Rxc1 24. Rxc1 Nc4 25. Nbc3 Qa8 26. Rc2 f5
27. Nd2 Qxf3 28. Nxf3 Bf6 29. Kf1 Rc8 30. Nd1 Bxb2 31. a4 b4 32. Nd2 Nxd2+ 33.
Rxd2 Be5 34. f4 Bf6 35. Rd6 b3 36. Rb6 Rc1 0-1

[Event "Elit(Eksjo-Rockaden, Sthlm)"]
[Site "?"]
[Date "2006.10.20"]
[Round "1"]
[White "Olsson, Anders"]
[Black "Ornstein, Axel"]
[Result "1-0"]
[WhiteElo "2488"]
[BlackElo "2422"]
[PlyCount "61"]
[EventDate "2006.??.??"]

1. e4 e5 2. Nf3 Nc6 3. Bc4 Bc5 4. O-O Nf6 5. d3 d6 6. c3 a6 7. Nbd2 O-O 8. Bb3
Ba7 9. h3 Be6 10. Re1 Qd7 11. Nf1 h6 12. Ng3 Rfe8 13. Bc2 d5 14. exd5 Bxd5 15.
Nh4 Rad8 16. Nhf5 b5 17. Bxh6 gxh6 18. Qd2 Re6 19. d4 Nh7 20. Nxh6+ Kh8 21. Ng4
Rg8 22. dxe5 Rxg4 23. hxg4 Nxe5 24. Bf5 Qd6 25. Nh5 Nc4 26. Rxe6 fxe6 27. Qh6
Qe7 28. Bxh7 Qxh7 29. Qf8+ Qg8 30. Qf6+ Kh7 31. g5 1-0

[Event "Elit(Eksjo-Rockaden, Sthlm)"]
[Site "?"]
[Date "2006.10.20"]
[Round "1"]
[White "Rothen, Hakan"]
[Black "Bator, Robert"]
[Result "1-0"]
[WhiteElo "2338"]
[BlackElo "2445"]
[PlyCount "79"]
[EventDate "2006.??.??"]

1. d4 d5 2. c4 c6 3. Nc3 Nf6 4. e3 a6 5. Nf3 b5 6. cxd5 cxd5 7. Bd3 Bg4 8. Qb3
Bxf3 9. gxf3 e6 10. Bd2 Be7 11. Rc1 O-O 12. f4 Qd7 13. f3 Nc6 14. Ne2 Rfc8 15.
Kf2 Ne8 16. h4 h5 17. Rcg1 f5 18. Rg2 Kf7 19. e4 dxe4 20. fxe4 Nxd4 21. Nxd4
Bc5 22. exf5 Qxd4+ 23. Ke2 Rc6 24. Rh3 Qd5 25. Rhg3 Qxb3 26. axb3 Rd8 27. Be4
Rcd6 28. Bc3 exf5 29. Bxf5 b4 30. Be5 Rd2+ 31. Kf3 Rxg2 32. Rxg2 Be7 33. Bg6+
Kf8 34. Bxh5 Rd3+ 35. Ke4 Rxb3 36. Kf5 Nf6 37. Bg6 Rd3 38. h5 Nd5 39. Ke6 Nc7+
40. Bxc7 1-0

[Event "Elit(Eksjo-Rockaden, Sthlm)"]
[Site "?"]
[Date "2006.10.20"]
[Round "1"]
[White "Engqvist, Thomas"]
[Black "Miskulin, Dennis"]
[Result "1-0"]
[WhiteElo "2405"]
[BlackElo "2272"]
[PlyCount "79"]
[EventDate "2006.??.??"]

1. c4 Nf6 2. Nc3 d6 3. d4 g6 4. e4 Bg7 5. Nf3 O-O 6. Be2 e5 7. dxe5 dxe5 8.
Qxd8 Rxd8 9. Bg5 Re8 10. Nd5 Nxd5 11. cxd5 c6 12. Bc4 cxd5 13. Bxd5 Nd7 14. Nd2
Nf6 15. Bb3 h6 16. Be3 Bf8 17. f3 b6 18. Rc1 Ba6 19. Rc7 Re7 20. Rc6 Kg7 21.
Kf2 Rd7 22. Nb1 Bb5 23. Rcc1 Rad8 24. Nc3 Ba6 25. Rhd1 Rxd1 26. Bxd1 Rc8 27.
Be2 Bxe2 28. Kxe2 Bd6 29. Nb5 Rxc1 30. Bxc1 Bb8 31. Kd3 Ng8 32. Kc4 Ne7 33. Nc3
a6 34. Nd5 Nc8 35. Nb4 b5+ 36. Kd5 Ne7+ 37. Kc5 Ba7+ 38. Kd6 a5 39. Nc6 Nc8+
40. Kc7 1-0

[Event "Elit(Eksjo-Rockaden, Sthlm)"]
[Site "?"]
[Date "2006.10.20"]
[Round "1"]
[White "Thornert, Hakan"]
[Black "Hedman, Erik"]
[Result "1/2-1/2"]
[WhiteElo "2232"]
[BlackElo "2426"]
[PlyCount "83"]
[EventDate "2006.??.??"]

1. e4 e6 2. Nf3 d5 3. Nc3 Nf6 4. e5 Ng8 5. d4 b6 6. Bd3 Ba6 7. O-O Qd7 8. Ne2
c5 9. b3 Bxd3 10. Qxd3 Nc6 11. c4 dxc4 12. Qxc4 cxd4 13. Nexd4 Nxd4 14. Qxd4
Qxd4 15. Nxd4 O-O-O 16. Be3 Kb7 17. a4 Bb4 18. Nc2 Bc3 19. Rad1 Ne7 20. Bd4
Bxd4 21. Nxd4 a6 22. Nf3 h6 23. Rfe1 Rxd1 24. Rxd1 Rc8 25. g3 b5 26. axb5 axb5
27. Kg2 Nc6 28. Rd7+ Rc7 29. Rd6 g5 30. Kh3 Kb6 31. Kg4 Kc5 32. Rd1 Kb4 33. Rd3
Ka3 34. Kh5 Rc8 35. g4 Nb4 36. Rd7 Kxb3 37. Kxh6 Kc3 38. Kxg5 Nd3 39. h4 b4 40.
Rxf7 b3 41. Rb7 b2 42. h5 1/2-1/2

[Event "Elit(Eksjo-Rockaden, Sthlm)"]
[Site "?"]
[Date "2006.10.20"]
[Round "1"]
[White "Livner, Anders"]
[Black "de Verdier, Michael"]
[Result "1/2-1/2"]
[WhiteElo "2374"]
[BlackElo "2220"]
[PlyCount "48"]
[EventDate "2006.??.??"]

1. d4 Nf6 2. c4 e6 3. Nf3 b6 4. g3 Bb7 5. Bg2 Bb4+ 6. Bd2 Qe7 7. O-O Bxd2 8.
Qxd2 d6 9. Nc3 Ne4 10. Nxe4 Bxe4 11. b4 O-O 12. Qe3 f5 13. Rac1 Nd7 14. c5 Nf6
15. cxd6 cxd6 16. b5 a6 17. a4 axb5 18. axb5 Qd7 19. Nd2 Nd5 20. Qb3 Bxg2 21.
Kxg2 Rfc8 22. Nc4 Rc7 23. Ne3 Nxe3+ 24. Qxe3 Rac8 1/2-1/2

[Event "Elit(Eksjo-Rockaden, Sthlm)"]
[Site "?"]
[Date "2006.10.20"]
[Round "1"]
[White "Krantz, Christopher"]
[Black "Blomqvist, Erik"]
[Result "0-1"]
[WhiteElo "2198"]
[BlackElo "2314"]
[PlyCount "64"]
[EventDate "2006.??.??"]

1. e4 c5 2. Nf3 d6 3. d4 cxd4 4. Nxd4 Nf6 5. Nc3 a6 6. Bg5 e6 7. f4 b5 8. e5
dxe5 9. fxe5 Qc7 10. exf6 Qe5+ 11. Be2 Qxg5 12. O-O Ra7 13. Qd3 Rd7 14. Kh1 Qe5
15. Nf3 Qxf6 16. Qe3 Bd6 17. Ne4 Qe7 18. Nfg5 f5 19. Bh5+ g6 20. Nxh7 fxe4 21.
Bxg6+ Kd8 22. Rf7 Qh4 23. Rxd7+ Nxd7 24. g3 Qh3 25. Rd1 Bb7 26. b4 Bd5 27. Kg1
Rxh7 28. Bxh7 Qxh7 29. c3 Bc7 30. Kg2 Bb6 31. Qg5+ Kc7 32. h4 Qf7 0-1

[Event "Elit(Wasa-Skara)"]
[Site "?"]
[Date "2006.10.20"]
[Round "1"]
[White "Gausel, Einar"]
[Black "Wedberg, Tom"]
[Result "1/2-1/2"]
[WhiteElo "2578"]
[BlackElo "2539"]
[PlyCount "76"]
[EventDate "2006.??.??"]
[SourceDate "2006.11.04"]

1. d4 Nf6 2. Nf3 e6 3. e3 c5 4. Bd3 Nc6 5. c3 d5 6. Nbd2 Bd6 7. O-O O-O 8. dxc5
Bxc5 9. b4 Bd6 10. Bb2 e5 11. e4 dxe4 12. Nxe4 Nxe4 13. Bxe4 Be6 14. Qe2 Qe7
15. Rfe1 f6 16. a3 a5 17. Rad1 Rfd8 18. b5 Na7 19. c4 Rac8 20. Bd3 Qf7 21. Qe3
Bb8 22. Bd4 exd4 23. Qxe6 Qxe6 24. Rxe6 Bd6 25. a4 Kf7 26. Re2 Bc5 27. h4 Rc7
28. Bf5 Nc8 29. Be6+ Kf8 30. Bd5 Nb6 31. Nxd4 Bxd4 32. Rxd4 Nxa4 33. h5 h6 34.
f4 Nc5 35. b6 Re7 36. Rb2 a4 37. Rb5 Rc8 38. Rd1 Re2 1/2-1/2

[Event "Elit(Wasa-Skara)"]
[Site "?"]
[Date "2006.10.20"]
[Round "1"]
[White "von Bahr, Oskar"]
[Black "Cicak, Slavko"]
[Result "0-1"]
[WhiteElo "2382"]
[BlackElo "2545"]
[PlyCount "120"]
[EventDate "2006.??.??"]

1. e4 c5 2. Nf3 d6 3. d4 cxd4 4. Nxd4 Nf6 5. Nc3 Nc6 6. Bg5 e6 7. Qd2 Be7 8.
O-O-O Nxd4 9. Qxd4 O-O 10. e5 dxe5 11. Qxe5 Bd7 12. Bd3 Ng4 13. Bxe7 Nxe5 14.
Bxd8 Raxd8 15. Be4 b5 16. f4 Ng4 17. Rd2 b4 18. Nd1 Bb5 19. Rxd8 Rxd8 20. Bf3
h5 21. c3 a5 22. Re1 Bc4 23. b3 Bd5 24. Bxd5 Rxd5 25. h3 Nf6 26. Ne3 Rc5 27. c4
g5 28. fxg5 Rxg5 29. Kb2 Ne4 30. Re2 f5 31. Nc2 Nc5 32. Ne1 Kf7 33. Re5 Rxg2+
34. Kc1 Rg1 35. Rxc5 Rxe1+ 36. Kd2 Re4 37. Rxa5 f4 38. a3 Rd4+ 39. Ke2 bxa3 40.
Rxa3 e5 41. Ra6 Re4+ 42. Kf2 Re3 43. b4 Rxh3 44. b5 e4 45. b6 Rh2+ 46. Kg1 Rb2
47. c5 f3 48. Ra3 Ke6 49. Rc3 Kd7 50. c6+ Kc8 51. Rc4 e3 52. Re4 Rg2+ 53. Kh1
Rg8 54. Ra4 Kb8 55. Ra7 e2 56. c7+ Kc8 57. Ra8+ Kb7 58. Rxg8 e1=Q+ 59. Kh2 Qh4+
60. Kg1 f2+ 0-1

[Event "Elit(Wasa-Skara)"]
[Site "?"]
[Date "2006.10.20"]
[Round "1"]
[White "Eklund, Lars-Goran"]
[Black "Hellborg, Teodor"]
[Result "0-1"]
[WhiteElo "2374"]
[BlackElo "2379"]
[PlyCount "60"]
[EventDate "2006.??.??"]

1. Nf3 Nf6 2. c4 e6 3. Nc3 Bb4 4. g4 h6 5. Qc2 c5 6. Rg1 d6 7. e3 Bxc3 8. bxc3
e5 9. h3 e4 10. g5 hxg5 11. Nxg5 Bf5 12. d3 exd3 13. Bxd3 Bxd3 14. Qxd3 Nc6 15.
e4 Ne5 16. Qe2 Qe7 17. f4 Nc6 18. Bd2 O-O-O 19. O-O-O Nd7 20. Be1 Nb6 21. Bg3
Rhe8 22. Rge1 f6 23. Nf3 Qe6 24. Nh4 Qxh3 25. Nf5 g6 26. Nxd6+ Rxd6 27. Rxd6
Qxg3 28. Red1 Qxf4+ 29. R1d2 Ne5 30. Kc2 Nexc4 0-1

[Event "Elit(Wasa-Skara)"]
[Site "?"]
[Date "2006.10.20"]
[Round "1"]
[White "Astrom, Goran"]
[Black "Friberg, Hans"]
[Result "0-1"]
[WhiteElo "2338"]
[BlackElo "2256"]
[PlyCount "86"]
[EventDate "2006.??.??"]

1. e4 e6 2. d4 d5 3. Nd2 Nf6 4. e5 Nfd7 5. Bd3 c5 6. c3 Nc6 7. Ne2 cxd4 8. cxd4
f6 9. exf6 Nxf6 10. Nf3 Qc7 11. Bf4 Bb4+ 12. Bd2 Bd6 13. Rc1 O-O 14. O-O Bd7
15. b4 a6 16. Ng3 Qb6 17. Bc3 Bf4 18. Rc2 Ne7 19. Qe2 Rac8 20. Bd2 Rxc2 21.
Bxc2 Bb5 22. Bd3 Bxd2 23. Bxb5 Bf4 24. Bd7 Nxd7 25. Re1 Nf6 26. Ne5 Bxg3 27.
hxg3 Ng6 28. Nxg6 hxg6 29. Qxe6+ Qxe6 30. Rxe6 Re8 31. Rb6 Re7 32. f3 Kf7 33.
g4 g5 34. a4 Rc7 35. a5 Ke7 36. b5 axb5 37. Rxb5 Kd6 38. Rb6+ Kd7 39. a6 bxa6
40. Rxa6 Ke7 41. Ra1 Rc2 42. Re1+ Kf7 43. Re5 Kg6 0-1

[Event "Elit(Wasa-Skara)"]
[Site "?"]
[Date "2006.10.20"]
[Round "1"]
[White "Andersson, Goran"]
[Black "Collett, Peter"]
[Result "0-1"]
[WhiteElo "2217"]
[BlackElo "2225"]
[PlyCount "76"]
[EventDate "2006.??.??"]

1. Nf3 Nf6 2. c4 c5 3. Nc3 d5 4. cxd5 Nxd5 5. d4 cxd4 6. Qxd4 Nxc3 7. Qxc3 Nc6
8. e4 Bd7 9. a3 Rc8 10. b4 a5 11. Qb2 axb4 12. axb4 Bg4 13. Bb5 Bxf3 14. gxf3
Qb6 15. Ra5 Rg8 16. Be3 Qc7 17. f4 g5 18. fxg5 Bg7 19. Qc2 Be5 20. Bxc6+ bxc6
21. Ra7 Qb8 22. Bc5 Rc7 23. Rxc7 Qxc7 24. h4 Qc8 25. Qc4 Qg4 26. Kd2 Kf8 27.
Kc2 Qf3 28. Rd1 Kg7 29. Qd3 Qf4 30. Bd4 Bxd4 31. Qxd4+ e5 32. Qe3 Qxh4 33. Rd6
Ra8 34. Rxc6 Qh1 35. Kb3 Qb1+ 36. Kc4 Qc2+ 37. Kd5 Rd8+ 38. Kxe5 Qxc6 0-1

[Event "Elit(Wasa-Skara)"]
[Site "?"]
[Date "2006.10.20"]
[Round "1"]
[White "Berkell, Peder"]
[Black "Jacobsson, Erik"]
[Result "1/2-1/2"]
[WhiteElo "2217"]
[BlackElo "2142"]
[PlyCount "83"]
[EventDate "2006.??.??"]

1. d4 Nf6 2. Nf3 g6 3. c4 Bg7 4. Nc3 O-O 5. Bg5 d6 6. e3 Nbd7 7. Be2 c6 8. Qc2
Qc7 9. Rd1 a5 10. O-O e5 11. dxe5 dxe5 12. Nd2 Nc5 13. Bxf6 Bxf6 14. Nde4 Be7
15. Nxc5 Bxc5 16. Na4 Qe7 17. Nxc5 Qxc5 18. Rd2 Bf5 19. Qc1 Be6 20. Rfd1 Rae8
21. a3 a4 22. Qc3 f5 23. Rd6 Re7 24. Qb4 Qxb4 25. axb4 Kf7 26. Kf1 Ra8 27. Ra1
Rc7 28. c5 Ke7 29. g3 Bb3 30. f4 exf4 31. exf4 Rd7 32. Rxd7+ Kxd7 33. Bd1 Bc4+
34. Kf2 Bb5 35. Ra3 Ra6 36. Ke3 Ke7 37. Kd2 Kf6 38. b3 axb3 39. Rxa6 Bxa6 40.
Bxb3 Bf1 41. Ke3 h6 42. h4 1/2-1/2

[Event "Elit(Wasa-Skara)"]
[Site "?"]
[Date "2006.10.20"]
[Round "1"]
[White "Dahlstrom, Rickard"]
[Black "Nordstrom, Felix"]
[Result "1/2-1/2"]
[WhiteElo "2057"]
[BlackElo "2100"]
[PlyCount "50"]
[EventDate "2006.??.??"]

1. c4 e6 2. Nc3 d5 3. d4 Nf6 4. Nf3 Be7 5. g4 O-O 6. Bf4 c5 7. e3 Nc6 8. h3
cxd4 9. exd4 b6 10. Bg2 Bb7 11. O-O dxc4 12. Qa4 Nd5 13. Bd2 Rc8 14. Qxc4 Ne5
15. Qe2 Nc4 16. Nxd5 Bxd5 17. Bc3 Qc7 18. Rfd1 Qb7 19. Ne1 Rc7 20. Bxd5 Qxd5
21. Ng2 Rfc8 22. Rd3 Qb5 23. Rad1 Bf6 24. Nf4 Nd6 25. Nh5 Ne8 1/2-1/2

[Event "Elit(Wasa-Skara)"]
[Site "?"]
[Date "2006.10.20"]
[Round "1"]
[White "Cleanthous, Demetris"]
[Black "Johansson, Olle"]
[Result "1-0"]
[WhiteElo "1983"]
[BlackElo "1748"]
[PlyCount "55"]
[EventDate "2006.??.??"]

1. d4 d5 2. c4 c6 3. Nc3 Nf6 4. Nf3 e6 5. e3 Nbd7 6. Bd3 dxc4 7. Bxc4 b5 8. Bd3
Bb4 9. Bd2 a6 10. O-O c5 11. Ne4 O-O 12. Bxb4 cxb4 13. Nd6 Nb6 14. Nxc8 Rxc8
15. Qd2 Qe7 16. Rfc1 Nc4 17. Qe2 Nd6 18. Ne5 Rxc1+ 19. Rxc1 Rc8 20. Rxc8+ Nxc8
21. Qc2 Nb6 22. Qc6 Qa7 23. g4 g6 24. g5 Nfd5 25. e4 Nf4 26. Qe8+ Kg7 27. Bf1
Nc4 28. Nd7 1-0

[Event "Elit(Linkoping-Astorp)"]
[Site "?"]
[Date "2006.10.20"]
[Round "1"]
[White "Sjodahl, Pontus"]
[Black "Olsson, Conny"]
[Result "1-0"]
[WhiteElo "2471"]
[BlackElo "2263"]
[PlyCount "87"]
[EventDate "2006.??.??"]
[SourceDate "2006.11.04"]

1. d4 b5 2. e4 Bb7 3. Nd2 a6 4. Ngf3 Nf6 5. Bd3 e6 6. O-O c5 7. c3 Qb6 8. a4
Nc6 9. axb5 axb5 10. Rxa8+ Bxa8 11. dxc5 Bxc5 12. b4 Be7 13. Qe2 O-O 14. Bxb5
d5 15. Bd3 Qb8 16. b5 Ne5 17. Nxe5 Qxe5 18. exd5 Qxd5 19. Nf3 Qh5 20. Ne5 Qh4
21. Nf3 Qg4 22. h3 Qh5 23. Ne5 Qh4 24. Nf3 Qh5 25. Ne5 Qh4 26. c4 Bc5 27. Be3
Bd6 28. Nf3 Qh5 29. Rd1 Bb8 30. Bd4 Kh8 31. Bxf6 gxf6 32. Be4 Bxe4 33. Qxe4 Rg8
34. Kf1 Be5 35. Rd7 Bc3 36. Qd3 Bb4 37. Rd8 Qc5 38. Rxg8+ Kxg8 39. Qd8+ Kg7 40.
Qd4 Qc7 41. Ne1 Bc5 42. Qg4+ Kf8 43. Nd3 Bd6 44. Qd4 1-0

[Event "Elit(Linkoping-Astorp)"]
[Site "?"]
[Date "2006.10.20"]
[Round "1"]
[White "Malesevic, Nedeljko"]
[Black "Johansson, Mikael"]
[Result "0-1"]
[WhiteElo "2340"]
[BlackElo "2370"]
[PlyCount "76"]
[EventDate "2006.??.??"]

1. d4 Nf6 2. c4 Nc6 3. Nc3 e5 4. d5 Ne7 5. e4 Ng6 6. Nf3 Bb4 7. Qc2 Bxc3+ 8.
bxc3 d6 9. Be2 O-O 10. h3 Qe7 11. Bg5 Nf4 12. O-O h6 13. Bxf4 exf4 14. Rfe1 Nd7
15. Nd4 Ne5 16. Bf1 Bd7 17. f3 g5 18. Qf2 b6 19. Rad1 Qf6 20. Rd2 Kh8 21. Bd3
Rg8 22. Nb5 Qd8 23. Qf1 a6 24. Nd4 Qf6 25. Rf2 Rg7 26. Qe2 Rag8 27. Qd2 h5 28.
Ne2 a5 29. Kf1 Qh6 30. Nc1 Bc8 31. Nb3 g4 32. Ke2 gxf3+ 33. gxf3 Rg2 34. Ref1
Bxh3 35. Nd4 Rxf2+ 36. Rxf2 Rg1 37. Nc6 Ng4 38. Nd8 Kg8 0-1

[Event "Elit(Linkoping-Astorp)"]
[Site "?"]
[Date "2006.10.20"]
[Round "1"]
[White "Hoi, Carsten"]
[Black "Wickstrom, Lucas"]
[Result "1-0"]
[WhiteElo "2383"]
[BlackElo "2144"]
[PlyCount "95"]
[EventDate "2006.??.??"]

1. d4 f5 2. Bg5 g6 3. Nc3 Bg7 4. e4 fxe4 5. Nxe4 d5 6. Nc5 b6 7. Nb3 Nf6 8. Bd3
Qd6 9. Ne2 Nbd7 10. O-O e5 11. c4 O-O 12. Rc1 Bb7 13. c5 bxc5 14. dxc5 Qe6 15.
Re1 Ne4 16. Bxe4 dxe4 17. Nc3 Nf6 18. Na5 Rad8 19. Qb3 Qxb3 20. axb3 Rb8 21.
Bxf6 Bxf6 22. Nxe4 Bxe4 23. Rxe4 Rb5 24. b4 Rd8 25. Kf1 Rd2 26. Rb1 Kf7 27. b3
Rd4 28. Rxd4 exd4 29. Nc6 a5 30. Nxa5 Rxb4 31. Ke2 Rb5 32. b4 Be7 33. Kd3 Bxc5
34. Kc4 Rxb4+ 35. Rxb4 Bxb4 36. Kxb4 Ke6 37. Kc4 Ke5 38. Nc6+ Ke4 39. Nxd4 g5
40. Nf3 Kf4 41. Kd3 h5 42. Nd4 Ke5 43. Nb5 c5 44. Nc3 Kf4 45. Nd5+ Ke5 46. Kc4
h4 47. h3 Ke4 48. Nc3+ 1-0